Statistics for Soccer Teams Cristiano Ronaldo Has Played For

Click here to take the quiz!

General Stats

  • This quiz has been taken 9,982 times
    (7,491 since last reset)
  • The average score is 7 of 7

Answer Stats

YearsAppearancesGoalsTeam% Correct
2003-200919684Manchester United
99%
2021-20224019Manchester United
99%
2009-2018292311Real Madrid
99%
2018-20219881Juventus
98%
2003- (International)196118Portugal
96%
2002-2003253Sporting CP
94%
2022-00Al Nassr
86%

Score Distribution

Percentile by Number Answered

Percent of People with Each Score

Your Score History

You have not taken this quiz since the last reset